Welcome to the Holygrace Academy Library

Please use search bar below to get started

THE WIND IN THE WILLOWS (Record no. 8868)

MARC details
000 -LEADER
fixed length control field 00362nam a22001457a 4500
020 ## - INTERNATIONAL STANDARD BOOK NUMBER
ISBN 978-93-8943-245-9
082 ## - DEWEY DECIMAL CLASSIFICATION NUMBER
Classification number 823
Item number GRA/W
100 ## - MAIN ENTRY--AUTHOR NAME
Personal name GRAHAME, KENNETH
245 ## - TITLE STATEMENT
Title THE WIND IN THE WILLOWS
246 ## - VARYING FORM OF TITLE
Title proper/short title THE WIND IN THE WILLOWS
Remainder of title THE WIND IN THE WILLOWS
260 ## - PUBLICATION, DISTRIBUTION, ETC. (IMPRINT)
Place of publication INDIA
Name of publisher FINGERPRINT
Year of publication 2023
300 ## - PHYSICAL DESCRIPTION
Number of Pages 200
650 ## - SUBJECT ADDED ENTRY--TOPICAL TERM
Topical Term ENGLISH STORY
942 ## - ADDED ENTRY ELEMENTS (KOHA)
Koha item type Books
Holdings
Withdrawn status Lost status Collection code Home library Current library Shelving location Date acquired Source of acquisition Cost, normal purchase price Full call number Accession Number Koha item type
    Fiction Main Library Main Library NEW SHELF WITH NEW ENTRY 06/07/2024 PURCHASED 150.00 823 GRA/W 13685 Books